| 000 | 00663nam a22002057a 4500 | ||
|---|---|---|---|
| 003 | NUST | ||
| 005 | 20240719120203.0 | ||
| 008 | 190726b ||||| |||| 00| 0 eng d | ||
| 038 | _aMr. Noman | ||
| 082 | _a200 | ||
| 100 |
_aAli, Atif _918633 |
||
| 245 |
_aNEW CONTROL METHODS FOR A CLASS OF NONLINEAR SYSTEMS WITH CONSTRAINED INPUT / _cAtif Ali. |
||
| 260 |
_aIslamabad: _bCEME - NUST, _c2016. |
||
| 300 |
_axiv, 116 p.: ill.; _c30cm. |
||
| 500 | _aHardcover. | ||
| 650 |
_aPhD- Mechanical Engineering _984150 |
||
| 700 |
_aSupervisor:Dr. Mohammad Bilal Malik. _969656 |
||
| 856 | _uhttp://10.250.8.41:8080/xmlui/handle/123456789/20150 | ||
| 942 |
_2ddc _cSC |
||
| 999 |
_c527399 _d527399 |
||